| 000 | 00790cam a2200265 4500 | ||
|---|---|---|---|
| 008 | 090401t1996 xxu||||| |||| 00| 0 eng d | ||
| 020 | _a0854067817 | ||
| 035 | _a(Sirsi) u66203 | ||
| 041 | _aeng | ||
| 050 | _a333.33709667 | ||
| 090 | _aRICS 1996/67ABC | ||
| 100 | _aAntwi, Adarkwah | ||
| 245 | _aLand markets, tenural structures, economic development - some ignored aspects of urban land policy implemenation in developing countries : a Ghanian example. | ||
| 260 |
_aLondon _bRICS _c1996 |
||
| 300 | _a22p. ; 30cm. | ||
| 350 | _a4.95 | ||
| 650 | _aECONOMIC DEVELOPMENT | ||
| 650 | _aLAND MARKETS | ||
| 650 | _aLAND TENURE | ||
| 650 | _aURBANISATION | ||
| 690 | _aLAND | ||
| 710 |
_aRoyal Institution of Chartered Surveyors _94900 |
||
| 942 | _n0 | ||
| 948 | _c04/03/1997 | ||
| 999 |
_c94827 _d94827 |
||